[Event "Wch U20 60th"]
[Site "Mexico City"]
[Date "2023.09.30"]
[Round "9"]
[White "Domalchuk Jonasson, Aleksandr"]
[Black "Han, Johnathan"]
[Result "1/2-1/2"]
[WhiteElo "2407"]
[BlackElo "2252"]
[PlyCount "83"]
[EventDate "2023.09.21"]
[EventType "swiss"]
[EventRounds "11"]
[EventCountry "MEX"]
[SourceTitle "EXT 2024"]
[Source "ChessBase"]
[SourceDate "2023.10.10"]
[SourceVersion "1"]
[SourceVersionDate "2023.10.10"]
[SourceQuality "1"]

1. c4 Nf6 2. Nc3 e6 3. e4 c5 4. e5 Ng8 5. d4 cxd4 6. Qxd4 Nc6 7. Qf4 Nge7 8. Nf3 Ng6 9. Qe4 d6 10. exd6 Bxd6 11. Bd2 0-0 12. 0-0-0 Qe7 13. h4 Rd8 14. h5 Nge5 15. g4 f5 16. gxf5 exf5 17. Qe2 Nxf3 18. Qxf3 Be6 19. Nd5 Qf7 20. Bc3 Be5 21. Rg1 Rac8 22. Kb1 h6 23. Be2 Bxc3 24. Qxc3 Bxd5 25. Rxd5 Rxd5 26. cxd5 Ne7 27. Qd4 Nxd5 28. Bd1 Nb6 29. Bb3 Nc4 30. a4 Nd2+ 31. Qxd2 Qxb3 32. Qd7 Qc2+ 33. Ka1 Rc7 34. Rxg7+ Kh8 35. Rh7+ Kg8 36. Rg7+ Kh8 37. Rh7+ Kg8 38. Qxc7 Qxa4+ 39. Kb1 Qd1+ 40. Ka2 Qa4+ 41. Kb1 Qd1+ 42. Ka2 1/2-1/2

[Event "Wch U20 60th"]
[Site "Mexico City"]
[Date "2023.09.28"]
[Round "7"]
[White "Pastor Carvajal, Jeigoth"]
[Black "Han, Johnathan"]
[Result "0-1"]
[WhiteElo "2033"]
[BlackElo "2252"]
[PlyCount "58"]
[EventDate "2023.09.21"]
[EventType "swiss"]
[EventRounds "11"]
[EventCountry "MEX"]
[SourceTitle "EXT 2024"]
[Source "ChessBase"]
[SourceDate "2023.10.10"]
[SourceVersion "1"]
[SourceVersionDate "2023.10.10"]
[SourceQuality "1"]

1. e4 c5 2. Nc3 d6 3. f4 g6 4. Nf3 Bg7 5. Bc4 Nc6 6. 0-0 e6 7. d3 Nge7 8. f5 exf5 9. Qe1 h6 10. Bd2 Ne5 11. Nxe5 dxe5 12. Be3 b6 13. exf5 Nxf5 14. Bd5 Rb8 15. g4 Nd6 16. Ne4 0-0 17. Qd2 Bxg4 18. Bxh6 Nf5 19. Bxg7 Kxg7 20. c4 Nd4 21. Nf6 Bf5 22. Ne4 Qh4 23. Nd6 Be6 24. Bxe6 Nxe6 25. Qg2 Qd4+ 26. Qf2 Qxd6 27. Qf6+ Kg8 28. Rf3 Qd4+ 29. Kh1 e4 0-1

[Event "Wch U20 60th"]
[Site "Mexico City"]
[Date "2023.09.23"]
[Round "4"]
[White "Han, Johnathan"]
[Black "Gharibyan, Mamikon"]
[Result "0-1"]
[WhiteElo "2252"]
[BlackElo "2495"]
[PlyCount "94"]
[EventDate "2023.09.21"]
[EventType "swiss"]
[EventRounds "11"]
[EventCountry "MEX"]
[SourceTitle "EXT 2024"]
[Source "ChessBase"]
[SourceDate "2023.10.10"]
[SourceVersion "1"]
[SourceVersionDate "2023.10.10"]
[SourceQuality "1"]

1. e4 e5 2. Nf3 Nc6 3. Bb5 a6 4. Ba4 Nf6 5. 0-0 Nxe4 6. d4 b5 7. Bb3 d5 8. dxe5 Be6 9. Nbd2 Be7 10. c3 0-0 11. Bc2 f5 12. Nd4 Nxd4 13. cxd4 Qd7 14. Nb3 a5 15. f3 a4 16. fxe4 axb3 17. Bxb3 fxe4 18. Be3 c6 19. Rc1 Rac8 20. Rxf8+ Bxf8 21. Qd2 Qa7 22. Qf2 Be7 23. Rc2 h6 24. Qd2 Kh7 25. Qc1 Qa6 26. h3 b4 27. Qf1 Qa5 28. Qc1 Qb5 29. Qf1 Qb6 30. Qc1 Qa6 31. Qf1 Qd3 32. Qxd3 exd3 33. Rc1 Kg6 34. Ba4 Bd7 35. Kf2 Bh4+ 36. g3 Rf8+ 37. Kg2 Bg5 38. Bxg5 hxg5 39. Bd1 Bf5 40. Rxc6+ Kh7 41. e6 Re8 42. Bh5 Re7 43. Kf2 Bxe6 44. Rc1 g4 45. Re1 gxh3 46. Kg1 Bg4 47. Rxe7 Bxh5 0-1

[Event "Wch U20 60th"]
[Site "Mexico City"]
[Date "2023.09.22"]
[Round "2"]
[White "Han, Johnathan"]
[Black "Stefansson, Vignir Vatnar"]
[Result "0-1"]
[WhiteElo "2252"]
[BlackElo "2484"]
[PlyCount "110"]
[EventDate "2023.09.21"]
[EventType "swiss"]
[EventRounds "11"]
[EventCountry "MEX"]
[SourceTitle "EXT 2024"]
[Source "ChessBase"]
[SourceDate "2023.10.10"]
[SourceVersion "1"]
[SourceVersionDate "2023.10.10"]
[SourceQuality "1"]

1. e4 d6 2. d4 Nf6 3. Nc3 Nbd7 4. Nf3 e5 5. Bc4 Be7 6. 0-0 c6 7. a4 a5 8. Re1 h6 9. Be3 Ng4 10. Bc1 Ngf6 11. Be3 Qc7 12. h3 g5 13. Nd2 Nf8 14. Be2 Ne6 15. Nc4 Nf4 16. dxe5 dxe5 17. Bb6 Qb8 18. Qd2 Be6 19. Rad1 0-0 20. Nd6 Nd7 21. Be3 Rd8 22. Nf5 Bxf5 23. exf5 Nf6 24. Qc1 Qc8 25. Bxf4 exf4 26. Bd3 Bb4 27. Ne4 Qxf5 28. c3 Bc5 29. Nxf6+ Qxf6 30. Be4 Qg7 31. Bf3 f5 32. Rxd8+ Rxd8 33. b4 Bb6 34. Re6 Kf7 35. Qe1 Be3 36. fxe3 Kxe6 37. exf4+ Kd6 38. b5 Qe7 39. Qf2 c5 40. b6 Ke6 41. fxg5 hxg5 42. h4 gxh4 43. Qe3+ Kd7 44. Qd3+ Kc8 45. Qxf5+ Kb8 46. Qf4+ Rd6 47. Kh2 Qf6 48. Qe3 Rxb6 49. Qxc5 Qf4+ 50. Kg1 Rb1+ 51. Kf2 Rb2+ 52. Kg1 h3 53. Qh5 hxg2 54. Bxg2 Qf2+ 55. Kh1 Qxg2# 0-1

[Event "World ol U16"]
[Site "Eindhoven"]
[Date "2023.08.17"]
[Round "7.6"]
[White "Han, Johnathan"]
[Black "Ahmad, Khagan"]
[Result "0-1"]
[WhiteElo "2199"]
[BlackElo "2340"]
[PlyCount "100"]
[EventDate "2023.08.13"]
[EventType "team-swiss"]
[EventRounds "9"]
[EventCountry "NED"]
[SourceTitle "CBM 215 Extra"]
[Source "ChessBase"]
[SourceDate "2023.09.30"]
[SourceVersion "1"]
[SourceVersionDate "2023.09.30"]
[SourceQuality "1"]
[WhiteTeam "Canada"]
[BlackTeam "Azerbaijan"]
[WhiteTeamCountry "CAN"]
[BlackTeamCountry "AZE"]

1. e4 c5 2. Nf3 Nc6 3. d4 cxd4 4. Nxd4 Nf6 5. Nc3 e5 6. Ndb5 d6 7. Bg5 a6 8. Na3 b5 9. Nd5 Be7 10. Bxf6 Bxf6 11. c3 Bg5 12. Nc2 Rb8 13. a4 bxa4 14. Ncb4 Nxb4 15. cxb4 0-0 16. Rxa4 a5 17. h4 Bh6 18. b5 Bd7 19. Nc3 d5 20. exd5 e4 21. Rxe4 f5 22. Rd4 Re8+ 23. Be2 Rxb5 24. 0-0 Rxb2 25. Bc4 Kh8 26. d6 Qc8 27. Re1 Rxe1+ 28. Qxe1 Bd2 29. Rxd2 Rxd2 30. Qxd2 Qxc4 31. Nd5 Qb5 32. Qg5 h6 33. Qd8+ Kh7 34. Ne7 Be6 35. h5 Qd3 36. Qe8 Qd1+ 37. Kh2 Qxd6+ 38. g3 Qd7 39. Qf8 Qd1 40. Qe8 Qg4 41. Nc6 f4 42. Qg6+ Qxg6 43. hxg6+ Kxg6 44. Nxa5 fxg3+ 45. Kxg3 Bd5 46. Kf4 Kf6 47. Ke3 h5 48. Kd4 h4 49. Kxd5 h3 50. Nc4 h2 0-1

[Event "World ol U16"]
[Site "Eindhoven"]
[Date "2023.08.17"]
[Round "8.10"]
[White "Han, Johnathan"]
[Black "Teh, Rui Gen"]
[Result "1/2-1/2"]
[WhiteElo "2199"]
[BlackElo "2080"]
[PlyCount "68"]
[EventDate "2023.08.13"]
[EventType "team-swiss"]
[EventRounds "9"]
[EventCountry "NED"]
[SourceTitle "CBM 215 Extra"]
[Source "ChessBase"]
[SourceDate "2023.09.30"]
[SourceVersion "1"]
[SourceVersionDate "2023.09.30"]
[SourceQuality "1"]
[WhiteTeam "Canada"]
[BlackTeam "Australia"]
[WhiteTeamCountry "CAN"]
[BlackTeamCountry "AUS"]

1. e4 c5 2. Nf3 g6 3. d4 cxd4 4. Nxd4 Nf6 5. Nc3 d6 6. Be3 Bg7 7. f3 a6 8. Qd2 h5 9. 0-0-0 b5 10. Kb1 Bb7 11. h3 Nbd7 12. Bd3 h4 13. Qf2 Qc7 14. Rhe1 Rb8 15. Nce2 Ne5 16. Bg5 Nc4 17. Bxh4 0-0 18. g4 Rfc8 19. Bg3 Nd7 20. h4 Nc5 21. h5 Na4 22. hxg6 Ncxb2 23. gxf7+ Kxf7 24. e5 Nxd1 25. Rxd1 dxe5 26. Nf5 Qa5 27. c3 Nxc3+ 28. Nxc3 Qxc3 29. Nxg7 Kxg7 30. Qe3 Qb4+ 31. Ka1 Qc3+ 32. Kb1 Qb4+ 33. Ka1 Qc3+ 34. Kb1 Qb4+ 1/2-1/2

[Event "World ol U16"]
[Site "Eindhoven"]
[Date "2023.08.14"]
[Round "3.3"]
[White "Han, Johnathan"]
[Black "De Winter, Arthur"]
[Result "0-1"]
[WhiteElo "2199"]
[BlackElo "2360"]
[PlyCount "124"]
[EventDate "2023.08.13"]
[EventType "team-swiss"]
[EventRounds "9"]
[EventCountry "NED"]
[SourceTitle "CBM 215 Extra"]
[Source "ChessBase"]
[SourceDate "2023.09.30"]
[SourceVersion "1"]
[SourceVersionDate "2023.09.30"]
[SourceQuality "1"]
[WhiteTeam "Canada"]
[BlackTeam "Netherlands"]
[WhiteTeamCountry "CAN"]
[BlackTeamCountry "NED"]

1. e4 c5 2. Nf3 d6 3. d4 cxd4 4. Nxd4 Nf6 5. Nc3 a6 6. Bg5 Nbd7 7. Qe2 Qa5 8. Bd2 h5 9. 0-0-0 b5 10. Nb3 Qc7 11. a3 Bb7 12. g3 g6 13. Bg2 Bg7 14. f4 e5 15. Kb1 exf4 16. Nd5 Bxd5 17. exd5+ Kf8 18. gxf4 Kg8 19. Ba5 Qb7 20. Rhe1 Re8 21. Qf1 Kh7 22. Nd4 Ng4 23. Ne6 fxe6 24. dxe6 Qa7 25. exd7 Qxd7 26. Be4 Rhf8 27. Qd3 Rxe4 28. Qxe4 Nf2 29. Qf3 Nxd1 30. Rxd1 Rf5 31. Bb4 Be5 32. Bd2 Qf7 33. Qd3 Bxf4 34. Bxf4 Rxf4 35. Qxd6 Qf6 36. Qc7+ Kh6 37. Rd6 Rf1+ 38. Ka2 Qf4 39. h3 Rf2 40. Qc5 a5 41. Rd8 Qc4+ 42. Qxc4 bxc4 43. c3 Rh2 44. Rh8+ Kg5 45. Ra8 Rxh3 46. Rxa5+ Kh4 47. Rc5 g5 48. a4 Rd3 49. a5 g4 50. Rxc4 Kg3 51. Rd4 Re3 52. a6 h4 53. Rd8 Re6 54. Ra8 h3 55. b4 h2 56. Rh8 Rxa6+ 57. Kb3 Ra1 58. b5 h1Q 59. Rxh1 Rxh1 60. c4 Kf4 61. c5 Rb1+ 62. Kc4 g3 0-1

[Event "Canadian op"]
[Site "Calgary"]
[Date "2023.07.29"]
[Round "9"]
[White "Reprintsev, Alexander"]
[Black "Han, Johnathan"]
[Result "0-1"]
[WhiteElo "2225"]
[BlackElo "2229"]
[PlyCount "149"]
[EventDate "2023.07.22"]
[EventType "swiss"]
[EventRounds "10"]
[EventCountry "CAN"]
[SourceTitle "CBM 215 Extra"]
[Source "ChessBase"]
[SourceDate "2023.09.30"]
[SourceVersion "1"]
[SourceVersionDate "2023.09.30"]
[SourceQuality "1"]

1. e4 c5 2. Nf3 d6 3. c3 Nf6 4. Bd3 Nc6 5. Bc2 Bg4 6. h3 Bh5 7. d3 e6 8. Nbd2 d5 9. Qe2 Be7 10. Nf1 h6 11. Ng3 Bg6 12. a3 0-0 13. 0-0 Qc7 14. Re1 Rfc8 15. Bd2 b5 16. Nh2 Rd8 17. Rad1 a5 18. Bc1 b4 19. f4 Bf8 20. Qf3 Nd7 21. Ng4 h5 22. Nf2 h4 23. Nf1 Nf6 24. Nh2 c4 25. d4 dxe4 26. Nxe4 Nxe4 27. Bxe4 Bxe4 28. Qxe4 bxc3 29. bxc3 Ne7 30. Nf3 Nf5 31. Ng5 g6 32. Qf3 Rab8 33. Qg4 Rb3 34. Rxe6 fxe6 35. Nxe6 Qd7 36. Qxg6+ Ng7 37. Nxd8 Qxd8 38. f5 Qe8 39. Qg4 Qh5 40. f6 Qxg4 41. hxg4 Ne8 42. Bg5 Rxc3 43. Bxh4 Rxa3 44. g5 Kf7 45. Rc1 Nd6 46. Be1 Kg6 47. Bd2 Ne4 48. Bf4 Bd6 49. Be5 c3 50. Rf1 Bxe5 51. dxe5 Nxg5 52. Kf2 Ra4 53. Ke3 Re4+ 54. Kd3 Rxe5 55. Kxc3 Kf7 56. Kb3 Ne4 57. Ka4 Nc3+ 58. Kb3 Nd5 59. g4 Nb6 60. Rf3 Rb5+ 61. Kc3 Rg5 62. Kd4 Rxg4+ 63. Kc5 Nd7+ 64. Kb5 Rg5+ 65. Ka6 a4 66. Rf1 Rd5 67. Rf3 Re5 68. Rf1 Nxf6 69. Rf4 Re4 70. Rf3 Ke6 71. Kb5 Nd5 72. Ra3 Kd6 73. Ka5 Kc5 74. Ra1 Nc3 75. Re1 0-1

[Event "CAN Transnational op"]
[Site "Montreal"]
[Date "2023.06.11"]
[Round "9.11"]
[White "Han, Johnathan"]
[Black "Preotu, Razvan"]
[Result "0-1"]
[WhiteElo "2140"]
[BlackElo "2475"]
[PlyCount "74"]
[EventDate "2023.06.06"]
[EventType "swiss"]
[EventRounds "9"]
[EventCountry "CAN"]
[SourceTitle "CBM 214 Extra"]
[Source "ChessBase"]
[SourceDate "2023.07.31"]
[SourceVersion "1"]
[SourceVersionDate "2023.07.31"]
[SourceQuality "1"]

1. e4 c5 2. Nf3 d6 3. d4 cxd4 4. Nxd4 Nf6 5. Nc3 a6 6. Bg5 e6 7. f4 Qb6 8. Qd3 Qxb2 9. Rb1 Qa3 10. f5 Be7 11. fxe6 Bxe6 12. Nxe6 fxe6 13. Be2 Qa5 14. Bd2 Qc7 15. 0-0 0-0 16. Qh3 Qc8 17. g4 h6 18. Kh1 Nh7 19. Qg3 Nd7 20. h4 g5 21. hxg5 hxg5 22. Bd3 Ne5 23. Ne2 Rf6 24. Kg2 Qc7 25. Rxf6 Bxf6 26. Nd4 Nf8 27. c3 Re8 28. Rf1 Qg7 29. Bc2 Nc4 30. Bc1 Ng6 31. Nf3 Nf4+ 32. Kh1 Be5 33. Nxe5 dxe5 34. Rd1 Qe7 35. Bb3 Qh7+ 36. Qh2 Qxe4+ 37. Kg1 Ne2+ 0-1

[Event "CAN Transnational op"]
[Site "Montreal"]
[Date "2023.06.10"]
[Round "6"]
[White "Han, Johnathan"]
[Black "Hua, Eugene"]
[Result "1-0"]
[WhiteElo "2140"]
[BlackElo "2275"]
[PlyCount "93"]
[EventDate "2023.06.06"]
[EventType "swiss"]
[EventRounds "9"]
[EventCountry "CAN"]
[SourceTitle "CBM 214 Extra"]
[Source "ChessBase"]
[SourceDate "2023.07.31"]
[SourceVersion "1"]
[SourceVersionDate "2023.07.31"]
[SourceQuality "1"]

1. e4 d5 2. exd5 Nf6 3. d4 Nxd5 4. Nf3 g6 5. Be2 Bg7 6. 0-0 0-0 7. h3 Nc6 8. Re1 Nb6 9. c3 e5 10. dxe5 Qxd1 11. Bxd1 Nc4 12. Bc2 Re8 13. Nbd2 N4xe5 14. Nd4 Re7 15. Nxc6 Nxc6 16. Rxe7 Nxe7 17. Nf3 Be6 18. Bf4 c6 19. Ng5 Bf5 20. Bxf5 Nxf5 21. Rd1 Bh6 22. Rd7 Re8 23. g4 Nh4 24. Kf1 b5 25. Rxa7 f6 26. Nxh7 Bxf4 27. Nxf6+ Kf8 28. Nxe8 Kxe8 29. Ke2 g5 30. Kd3 Ng6 31. Ke4 Bc1 32. b3 Ne7 33. c4 bxc4 34. bxc4 Kf7 35. a4 Ke6 36. a5 Nc8 37. Rh7 Ba3 38. Rc7 Nd6+ 39. Kd3 Ne8 40. Rb7 Nd6 41. a6 Nxb7 42. a7 Nc5+ 43. Ke2 Bc1 44. a8Q Kd7 45. Qa7+ Kd6 46. Qa1 Nb3 47. Qc3 1-0

[Event "CAN Transnational op"]
[Site "Montreal"]
[Date "2023.06.07"]
[Round "2"]
[White "Han, Johnathan"]
[Black "Bruzon Batista, Lazaro"]
[Result "0-1"]
[WhiteElo "2140"]
[BlackElo "2617"]
[PlyCount "114"]
[EventDate "2023.06.06"]
[EventType "swiss"]
[EventRounds "9"]
[EventCountry "CAN"]
[SourceTitle "CBM 214 Extra"]
[Source "ChessBase"]
[SourceDate "2023.07.31"]
[SourceVersion "1"]
[SourceVersionDate "2023.07.31"]
[SourceQuality "1"]

1. e4 e6 2. d4 d5 3. Nc3 Nf6 4. e5 Nfd7 5. f4 c5 6. Nf3 Nc6 7. Be3 Be7 8. Be2 0-0 9. 0-0 f6 10. exf6 Nxf6 11. Ne5 cxd4 12. Bxd4 Nxd4 13. Qxd4 Qc7 14. Kh1 a6 15. Bf3 b5 16. Qd2 Bb7 17. Rae1 Rad8 18. Nd3 b4 19. Ne2 Ne4 20. Qe3 Bf6 21. Nd4 Qd6 22. Nb3 Bh4 23. Re2 Bc6 24. Qd4 Be7 25. Rfe1 Kh8 26. Nd2 Qc7 27. Qg1 a5 28. Qe3 d4 29. Qg1 Nxd2 30. Bxc6 Nc4 31. Rxe6 Bd6 32. Bf3 Ne3 33. Re4 Bxf4 34. Nxf4 Rxf4 35. Rxf4 Qxf4 36. c3 Nf5 37. cxd4 Nxd4 38. Qe3 Qxe3 39. Rxe3 g6 40. Rd3 Kg7 41. g3 Kf6 42. Kg2 Ke5 43. Re3+ Kd6 44. Rd3 Kc5 45. Re3 Rf8 46. Re5+ Kb6 47. Be4 Rf6 48. h4 Rd6 49. Rd5 Rxd5 50. Bxd5 Kc5 51. Bg8 h6 52. Bf7 g5 53. hxg5 hxg5 54. Kh3 Nf3 55. a3 Ne5 56. Bg8 Kd4 57. axb4 axb4 0-1

[Event "World School-ch U15"]
[Site "Rhodes"]
[Date "2023.04.22"]
[Round "9"]
[White "Han, Johnathan"]
[Black "Poupalos, Nikolaos"]
[Result "0-1"]
[WhiteElo "2184"]
[BlackElo "2097"]
[PlyCount "82"]
[EventDate "2023.04.14"]
[EventType "swiss"]
[EventRounds "9"]
[EventCountry "GRE"]
[SourceTitle "EXT 2024"]
[Source "ChessBase"]
[SourceDate "2023.10.10"]
[SourceVersion "1"]
[SourceVersionDate "2023.10.10"]
[SourceQuality "1"]

1. e4 c5 2. Nf3 d6 3. d4 cxd4 4. Nxd4 Nf6 5. Nc3 a6 6. Bg5 Nbd7 7. Qe2 h6 8. Bh4 g6 9. 0-0-0 e5 10. Nb3 Be7 11. Qd2 b5 12. a3 Rb8 13. Kb1 Kf8 14. Bd3 Kg7 15. f4 Bb7 16. Rhf1 Qc7 17. g4 Bc6 18. g5 hxg5 19. Bxg5 a5 20. Qg2 a4 21. Nd2 b4 22. axb4 Rxb4 23. f5 Qb7 24. fxg6 fxg6 25. Nc4 a3 26. Nxa3 Rxb2+ 27. Kc1 Qb4 28. Nab1 Rb8 29. Kd2 Nxe4+ 30. Bxe4 Bxe4 31. Qxe4 Bxg5+ 32. Ke2 Qc5 33. Rd5 Qc6 34. Qd3 Nf6 35. Rxd6 Qg2+ 36. Rf2 Qg4+ 37. Qf3 Rxc2+ 38. Kd3 e4+ 39. Nxe4 Rb3+ 40. Nbc3 Rbxc3+ 41. Nxc3 Rd2+ 0-1

[Event "North American-ch U20"]
[Site "Mexico City"]
[Date "2022.12.03"]
[Round "4"]
[White "Han, Johnathan"]
[Black "Taylor Rodriguez, Juan Jose"]
[Result "1-0"]
[WhiteElo "2179"]
[BlackElo "1994"]
[PlyCount "107"]
[EventDate "2022.12.02"]
[EventType "swiss"]
[EventRounds "9"]
[EventCountry "MEX"]
[SourceTitle "CBM 211 Extra"]
[Source "ChessBase"]
[SourceDate "2023.01.31"]
[SourceVersion "1"]
[SourceVersionDate "2023.01.31"]
[SourceQuality "1"]

1. e4 e5 2. Nf3 Nc6 3. d4 exd4 4. Nxd4 Nf6 5. Nxc6 bxc6 6. e5 Nd5 7. c4 Nb6 8. Bd3 d5 9. exd6 cxd6 10. 0-0 Be6 11. Re1 Be7 12. Qc2 h6 13. Nc3 0-0 14. b3 d5 15. cxd5 cxd5 16. Bb2 Rc8 17. Qe2 Bb4 18. Rec1 Re8 19. Qf3 Qg5 20. Qg3 Qf6 21. Rc2 Bxc3 22. Rxc3 Rxc3 23. Bxc3 d4 24. Bd2 Nd5 25. Re1 Nc3 26. Qc7 Nxa2 27. Qxa7 Nc3 28. b4 Rd8 29. Qc5 Nd5 30. Re4 Ra8 31. Qxd4 Bf5 32. Qxd5 Rd8 33. Qxf5 Qxf5 34. Re8+ Rxe8 35. Bxf5 g6 36. Bg4 f5 37. Bf3 g5 38. Kf1 Kf8 39. b5 Ke7 40. Bc6 Rc8 41. Bb4+ Ke6 42. Bc5 g4 43. b6 Rxc6 44. b7 Rxc5 45. b8Q Kd5 46. Qb3+ Ke4 47. Qe3+ Kd5 48. Qxh6 Ke4 49. Qe3+ Kd5 50. h3 Rc4 51. hxg4 Rxg4 52. f4 Kd6 53. Qe5+ Kc6 54. Qxf5 1-0

[Event "CAN-ch Int"]
[Site "Contrecoeur"]
[Date "2022.10.08"]
[Round "2"]
[White "Han, Johnathan"]
[Black "Sai, Krishna GV"]
[Result "0-1"]
[WhiteElo "2141"]
[BlackElo "2405"]
[PlyCount "102"]
[EventDate "2022.10.07"]
[EventType "swiss"]
[EventRounds "5"]
[EventCountry "CAN"]
[SourceTitle "CBM 210 Extra"]
[Source "ChessBase"]
[SourceDate "2022.11.30"]
[SourceVersion "1"]
[SourceVersionDate "2022.11.30"]
[SourceQuality "1"]

1. e4 e5 2. Nf3 Nc6 3. d4 exd4 4. Nxd4 Nf6 5. Nxc6 bxc6 6. e5 Qe7 7. Qe2 Nd5 8. c4 Ba6 9. Nd2 g6 10. Nf3 Bg7 11. Bg5 f6 12. exf6 Qxe2+ 13. Bxe2 Nxf6 14. 0-0-0 0-0-0 15. Rhe1 Rde8 16. Bd3 c5 17. Nd2 Ng4 18. Ne4 Bd4 19. f3 Ne5 20. Bf1 Bxc4 21. Bf6 Bxf1 22. Bxh8 Bxg2 23. Bxe5 Rxe5 24. Nd2 Rh5 25. Re2 Bh3 26. Ne4 a5 27. Ng3 Rh4 28. Re4 Rh6 29. b3 Be6 30. Rd2 Rh3 31. f4 Bg1 32. Rg2 Bd4 33. Ne2 Bd5 34. Re8+ Kb7 35. Rg5 Bf7 36. Rf8 Be6 37. Nxd4 cxd4 38. Rxa5 Rxh2 39. Rfa8 d6 40. Re8 Bf5 41. Rd5 Rc2+ 42. Kd1 d3 43. a4 Rb2 44. Re7 Kc6 45. Rd4 Kc5 46. Rc4+ Kd5 47. Rxh7 Bg4+ 48. Kc1 Rf2 49. Rh1 d2+ 50. Kb1 d1Q+ 51. Rxd1+ Bxd1 0-1

[Event "Quebec op"]
[Site "Laval"]
[Date "2022.09.04"]
[Round "6"]
[White "Sambuev, Bator"]
[Black "Han, Johnathan"]
[Result "1-0"]
[WhiteElo "2436"]
[BlackElo "2074"]
[PlyCount "69"]
[EventDate "2022.09.01"]
[EventType "swiss"]
[EventRounds "9"]
[EventCountry "CAN"]
[SourceTitle "CBM 210 Extra"]
[Source "ChessBase"]
[SourceDate "2022.11.30"]
[SourceVersion "1"]
[SourceVersionDate "2022.11.30"]
[SourceQuality "1"]

1. Nf3 Nf6 2. b3 g6 3. Bb2 Bg7 4. e4 d6 5. Qe2 0-0 6. d4 c5 7. Nbd2 cxd4 8. Nxd4 Nc6 9. Nxc6 bxc6 10. 0-0-0 d5 11. e5 Nd7 12. h4 a5 13. a4 c5 14. h5 Qc7 15. e6 Bxb2+ 16. Kxb2 Nb6 17. exf7+ Rxf7 18. hxg6 hxg6 19. Qe3 Qd6 20. Ka2 Bf5 21. Nc4 Nxc4 22. Bxc4 e6 23. f3 Qf8 24. Bb5 d4 25. Qe2 g5 26. Rh5 Qg7 27. Rdh1 Raf8 28. Bc4 Re8 29. Qd2 Bg6 30. Rxg5 Rf5 31. Rxf5 Bxf5 32. Rh5 Qf6 33. g4 Bg6 34. Rxc5 Kg7 35. f4 1-0

[Event "Toronto Ontario op"]
[Site "Toronto"]
[Date "2022.05.22"]
[Round "3"]
[White "Han, Johnathan"]
[Black "Teodoro, Eduardo"]
[Result "1/2-1/2"]
[WhiteElo "1972"]
[BlackElo "2355"]
[PlyCount "73"]
[EventDate "2022.05.21"]
[EventType "swiss"]
[EventRounds "6"]
[EventCountry "CAN"]
[SourceTitle "CBM 209 Extra"]
[Source "ChessBase"]
[SourceDate "2022.09.30"]
[SourceVersion "1"]
[SourceVersionDate "2022.09.30"]
[SourceQuality "1"]

1. e4 c5 2. Nf3 e6 3. d4 cxd4 4. Nxd4 a6 5. Bd3 Qc7 6. Qe2 b6 7. Nc3 Bb7 8. Bd2 Ne7 9. 0-0 Nbc6 10. Nb3 h5 11. Rad1 Ne5 12. f4 Nxd3 13. cxd3 d6 14. Rc1 Qd7 15. f5 Rc8 16. fxe6 Qxe6 17. Nd4 Qg4 18. Qf2 f6 19. Nf5 Nxf5 20. exf5 h4 21. Nd5 Rc5 22. Rfe1+ Kf7 23. h3 Qg3 24. Qxg3 hxg3 25. Nxb6 Rh5 26. b4 Rc6 27. Rxc6 Bxc6 28. Rc1 Bb5 29. Rc7+ Kg8 30. Bf4 Bxd3 31. Bxg3 Bxf5 32. Nd5 Bxh3 33. Ne7+ Bxe7 34. Rxe7 Rg5 35. Kh2 Bf5 36. Bxd6 Bd3 37. a4 1/2-1/2

[Event "Toronto Ontario op"]
[Site "Toronto"]
[Date "2022.05.21"]
[Round "1"]
[White "Han, Johnathan"]
[Black "Rodrigue Lemieux, Shawn"]
[Result "1/2-1/2"]
[WhiteElo "1972"]
[BlackElo "2393"]
[PlyCount "88"]
[EventDate "2022.05.21"]
[EventType "swiss"]
[EventRounds "6"]
[EventCountry "CAN"]
[SourceTitle "CBM 209 Extra"]
[Source "ChessBase"]
[SourceDate "2022.09.30"]
[SourceVersion "1"]
[SourceVersionDate "2022.09.30"]
[SourceQuality "1"]

1. e4 c6 2. d4 d5 3. Nd2 dxe4 4. Nxe4 Nf6 5. Nxf6+ exf6 6. c3 Bd6 7. Bd3 0-0 8. Ne2 Re8 9. Qc2 h5 10. Be3 Nd7 11. 0-0-0 Nf8 12. h3 Be6 13. Nf4 Bxf4 14. Bxf4 b5 15. Rhg1 Ng6 16. Bd2 Nh4 17. f3 Qd5 18. a3 Bf5 19. Rde1 Rxe1+ 20. Bxe1 Bxd3 21. Qxd3 Ng6 22. Bd2 Re8 23. Re1 Rxe1+ 24. Bxe1 Qg5+ 25. Qd2 Nf4 26. h4 Nd3+ 27. Kb1 Qg6 28. Ka2 Kf8 29. Bf2 Qxg2 30. Qxd3 Qxf2 31. Qf5 Qe2 32. Qxh5 Kg8 33. Qf5 Qc4+ 34. Kb1 Qd5 35. Qxd5 cxd5 36. a4 a6 37. axb5 axb5 38. f4 g5 39. hxg5 fxg5 40. fxg5 Kg7 41. b3 Kg6 42. c4 bxc4 43. bxc4 dxc4 44. Kc2 Kxg5 1/2-1/2

[Event "Kingston Canada zt"]
[Site "Kingston"]
[Date "2022.04.14"]
[Round "2"]
[White "Han, Johnathan"]
[Black "Tanaka, Taira Tyler"]
[Result "0-1"]
[WhiteElo "2009"]
[BlackElo "2113"]
[PlyCount "98"]
[EventDate "2022.04.13"]
[EventType "swiss"]
[EventRounds "9"]
[EventCountry "CAN"]
[SourceTitle "CBM 207 Extra"]
[Source "ChessBase"]
[SourceDate "2022.05.31"]
[SourceVersion "1"]
[SourceVersionDate "2022.05.31"]
[SourceQuality "1"]

1. e4 c6 2. d4 d5 3. Nd2 dxe4 4. Nxe4 Nf6 5. Nxf6+ exf6 6. c3 Bd6 7. Bd3 0-0 8. Ne2 Re8 9. Qc2 h5 10. Be3 Nd7 11. 0-0-0 Nf8 12. Kb1 Be6 13. Rhe1 b5 14. Nc1 Bd5 15. f3 Qc7 16. Qf2 Bxh2 17. f4 Rxe3 18. Qxe3 Bxf4 19. Qh3 g6 20. Be4 Be6 21. Qd3 Rd8 22. Nb3 f5 23. Bf3 Bc4 24. Qc2 Bg3 25. Rh1 h4 26. Nc5 Ne6 27. b3 Bd5 28. Bxd5 cxd5 29. Nxe6 fxe6 30. Rd3 Qf4 31. Kb2 Kf7 32. Qe2 a6 33. Rf1 Qg5 34. Re3 Rd6 35. Ra1 Qf4 36. a4 b4 37. Rd1 a5 38. Rf3 Qe4 39. Qd2 Rc6 40. Qh6 bxc3+ 41. Rxc3 Rxc3 42. Kxc3 Be1+ 43. Kb2 Qxg2+ 44. Kc1 Qg3 45. Qh7+ Kf6 46. Qh8+ Kg5 47. Qd8+ Kg4 48. Qb6 Qe3+ 49. Kb1 h3 0-1

[Event "North American op 30th"]
[Site "ICC INT"]
[Date "2020.12.29"]
[Round "7"]
[White "Kunka, Harshid"]
[Black "Han, Johnathan"]
[Result "1-0"]
[WhiteElo "1913"]
[BlackElo "1805"]
[PlyCount "91"]
[EventDate "2020.12.26"]
[EventType "swiss"]
[EventRounds "8"]
[EventCountry "USA"]
[SourceTitle "CBM 200 Extra"]
[Source "ChessBase"]
[SourceDate "2021.03.31"]
[SourceVersion "1"]
[SourceVersionDate "2021.03.31"]
[SourceQuality "1"]

1. e4 c5 2. Nf3 d6 3. d4 cxd4 4. Nxd4 Nf6 5. Nc3 a6 6. Bg5 e6 7. f4 Be7 8. Qf3 Qc7 9. 0-0-0 Nbd7 10. Bd3 h6 11. Bh4 g5 12. fxg5 Ne5 13. Qe2 Nfg4 14. h3 hxg5 15. Bg3 Nf6 16. Kb1 Bd7 17. Nf3 Nh5 18. Bh2 0-0-0 19. Qe3 Rhg8 20. g4 Nf6 21. Nxe5 dxe5 22. Bg1 Bc6 23. Bf2 Rh8 24. Bg3 Nd7 25. Rdf1 Rh7 26. Nd5 Qd6 27. Nxe7+ Qxe7 28. Be1 Kb8 29. a3 f6 30. Bb4 Qg7 31. Bd6+ Ka8 32. Qd2 Nf8 33. Qb4 Re8 34. Rf3 Nd7 35. Rhf1 Reh8 36. Qa5 Ka7 37. b4 Qg8 38. b5 Qc8 39. bxc6 Qxc6 40. Bb4 Rxh3 41. Bd2 Rxf3 42. Rxf3 Rh1+ 43. Ka2 Rh2 44. Be3+ Kb8 45. Qd8+ Qc8 46. Ba7+ 1-0